Stati con più Ebrei in America del Sud - Statistics

Statistiche generali
  • Questo quiz è stato fatto 12 volte
  • Il punteggio medio è 5 su 5
Statistiche sulle risposte
Ebrei (in numeri assoluti) Stato % Corretto
175 000 Argentina
100%
92 000 Brasile
92%
6 000 Venezuela
92%
16 000 Cile
83%
16 000 Uruguay
83%
Nessun quiz corrispondente trovato
Distribuzione punteggi
Percentuale di utenti per punteggio
Percentile per numero di risposta
I tuoi punteggi nel tempo
Non hai fatto questo quiz